San Francisco 49ers Head Coaches by Picture - Statistics

General Stats
  • This quiz has been taken 43 times
  • The average score is 7 of 18
Answer Stats
Picture Hint Answer % Correct
2017-Present Kyle Shanahan
97%
2011-2014 Jim Harbaugh
92%
1979-1988 Bill Walsh
86%
2016 Chip Kelly
73%
2008-2010 Mike Singletary
70%
1989-1996 George Seifert
57%
1997-2002 Steve Mariucci
54%
2005-2008 Mike Nolan
41%
1968-1975 Dick Nolan
38%
2003-2004 Dennis Erickson
35%
2010 | 2015 Jim Tomsula
32%
1946-1954 Buck Shaw
16%
1976 Monte Clark
11%
1959-1963 Red Hickey
11%
1956-1958 Frankie Albert
8%
1963-1967 Jack Christiansen
8%
1955 Red Strader
8%
1978 Pete McCulley
5%
No matching quizzes found
Score Distribution
Percent of People with Each Score
Percentile by Number Answered
Your Score History
You have not taken this quiz